000 00221 a2200097 4500
001 17884
100 _aLevi, & Panzer
245 _aElectromechanical power conversion
260 _a
_bMcgraw Hill
_c
090 _c13205
_d13205
942 _aNUST-CAE
_cM
_c3565
999 _c252957
_d252957